000 00243nam a22000977a 4500
999 _c11734
_d11734
008 200113b ||||| |||| 00| 0 eng d
020 _a7807300399
100 _aMills
_97307
245 _aBeauty and the Beast
260 _aNew York
_bScholastic
_c2003